| 000 | 00590nam a2200169 a 4500 | ||
|---|---|---|---|
| 005 | 20140313093920.0 | ||
| 008 | 140313b1993 ck ||||| |||| 00| 0 spa d | ||
| 041 | _aspa | ||
| 044 | _ack | ||
| 090 |
_aLB _b03720 |
||
| 110 |
_bInstituto Nacional de Pesca y Acuicultura _97280 |
||
| 245 |
_aProyecto Integral de Investigaciones y desarrollo de la pesca artesanal maritima en el área de Santa Marta _binforme técnico final |
||
| 260 |
_aMagdalena _bINPA _bCIID _c1993 |
||
| 300 | _a324 p. | ||
| 710 |
_a^aCentro Internacional de Investigaciones para el Desarrollo _921241 |
||
| 942 |
_cImpreso _2z |
||
| 999 |
_c4020 _d4020 |
||